00425nam a2200157Ia 45000010006000000050017000060080041000230410008000640820017000721000025000892450094001142600009002083000034002176500008002516540008002592252620260414150837.0260414t2012||||xx |||||||||||||| ||spa|| aESP a621.382bD25 aDardari, DavideeAUT 0aSatellite and terrestrial radio positioning techniques :ba signal processing perspective c2012 axxvi, 432 páginas :c24 cm. aTCA aCET